Bob's Burgers A-Z - Statistics

General Stats
  • This quiz has been taken 69 times
  • The average score is 13 of 25
Answer Stats
Hint Answer % Correct
B- _____ of the Day Burger
92%
D- Math whizz and video game enthusiast Darryl
83%
R- Hugo's partner Ron
77%
F- Channel that the show appears on FOX
75%
W- School the kids go to Wagstaff
75%
G- Linda's best friend Ginger
74%
T- Bob's favorite holiday Thanksgiving
74%
M- Bank robber that ends up working at Wonder Wharf Mickey
72%
J- Belcher kids babysitter Jen
70%
L- Food that Gene is allergic to Lobster
68%
K- Louise's nightlight Kuchi Kopi
66%
U- What the kids call Teddy when he babysits them Uncle Teddy
66%
O- Motorcycle gain fronted by Critter and friend to the Belchers One-Eyed Snakes
64%
P- The occupation that Spoors has at the school Principal
62%
A- Episode where Gayle displays her art in the restaurant Art Crawl
60%
E- Tina's favorite horse cartoon (Bob must dress up as one to get Tina's rare horse figurine back) Equestranauts
51%
C- Gene's Ex Courtney Wheeler
49%
H- Movie series Bob and Louise are obsessed with Hawk and Chick
49%
N- Recurring limo driver Nat Kinkle
36%
S- Where the Belchers live Seymour's Bay
26%
Y- Security guard at Family Fun Time Yuli
21%
Z- Bob's favorite rock band that includes a laser show (he takes Gene to it) Zentipede
11%
Q- Island where Kurt faked an emergency landing with Linda (nicknamed quickie kiss it) Quippiquisset Island
8%
V- Bob's favorite campy sing-along movie (Tina brings Tammy, Jimmy Jr, Zeke, and Jocelyne to it) Vampire Disco Death Dance
6%
I- Name of Mort's crematorium It's Your Funeral Home and Crematorium
4%
No matching quizzes found
Score Distribution
Percent of People with Each Score
Percentile by Number Answered
Your Score History
You have not taken this quiz